000
00315nam a2200133 a 4500
082
0
0
_a
220.59155
_b
BIB
100
_a
Bible Society London
245
_a
Kitab-e-muqaddas
260
_a
London
_b
Bible Society
_c
1963
300
_a
421p
500
_a
includes index and biblioraphy
650
_a
Bible-Persian
942
_c
BK
999
_c
2372
_d
2372